Word Ladder: 4-Letter Movies Quiz Stats

 Plays Quiz Updated Aug 15, 2013

Support Sporcle.
Go Orange.
Score 0/30 Timer 03:00
0 Plays Today
Clue 4-Letter Words % Correct
Sliced cabbage: ___ slawCOLE
96.3%
Opposite of pushPULL
96.1%
Very largeHUGE
95.1%
Reverse a diseaseCURE
93.2%
Central partCORE
91.1%
Young horseCOLT
90.4%
A survey of peoplePOLL
90.2%
Winter Olympic eventLUGE
90.2%
A male cattle or whaleBULL
89.2%
Hawaiian danceHULA
89.2%
Fish enticer on a lineLURE
88.7%
2008 Disney animated dog film→ BOLT ←
86.4%
1975 shark film with Roy Scheider→ JAWS ←
85.9%
Relative of a geekNERD
85.7%
Animal's feetPAWS
85%
Clue 4-Letter Words % Correct
Seeded capsule of cottonBOLL
81.3%
Roman EmperorNERO
81.2%
2011 Scorsese film about a boy in Paris→ HUGO ←
80.4%
South's opposite, in FrenchNORD
78.5%
Zeus' wifeHERA
77.6%
Skin openingPORE
75.4%
2002 Jet Li film with him as the nameless protagonist→ HERO ←
74%
A lady's husbandLORD
73.5%
Ang Lee's 2003 Marvel Comic flop→ HULK ←
73.2%
A set of mythic talesLORE
72.2%
Research cell line from Henrietta LacksHELA
70.1%
The heft of somethingBULK
69.1%
Trim the skin off fruitPARE
67.3%
Coach Riley and Summitt, e.g.PATS
58.7%
___ de foie grasPÂTÉ
56.1%

Today's Daily Dose

Word Ladder
ING Words

Get the Picture
Nearest Volcano

From the Vault

'Feel' Song Titles

by JoeBeta

Music 5m
It might take a minute to get a feel for how things work with this one.
Remove Ads.
Support Sporcle.
Get the best of Sporcle when you Go Orange. This ad-free experience offers more features, more stats, and more fun while also helping to support Sporcle. Thank you for becoming a member.

Show Comments

Extras

Top Quizzes Today


Score Distribution

Your Account Isn't Verified!

In order to create a playlist on Sporcle, you need to verify the email address you used during registration. Go to your Sporcle Settings to finish the process.

Report this User

Report this user for behavior that violates our Community Guidelines.

Details: